the sick - Bella kay - Statistics

General Stats
  • This quiz has been taken 62 times
  • The average score is 302 of 358
Answer Stats
Answer % Correct
a
100%
i
100%
the
100%
be
97%
be)
97%
to
97%
to)
97%
was
97%
you
97%
and
95%
do
95%
it
95%
me
95%
sick
95%
then
95%
but
92%
does
92%
doesnt
92%
from
92%
hope
92%
love
92%
of
92%
that
92%
(that
92%
your
92%
apple
89%
fall
89%
save
89%
tree
89%
all
87%
done
87%
far
87%
hatin
87%
shit
87%
smoke
87%
so
87%
think
87%
between
84%
daddys
84%
did
84%
hated
84%
part
84%
saves
84%
were
84%
wont
84%
could
82%
for
82%
have
82%
kinda
82%
likin
82%
not
82%
what
82%
wrong
82%
because
79%
is
79%
survivin
79%
there
79%
bad
76%
eventually
76%
how
76%
oh
76%
(oh
76%
breathe
74%
goes
74%
knew
74%
know
74%
nothin
74%
better
71%
never
71%
on
71%
she
71%
dont
68%
im
68%
ive
68%
loved
68%
since
68%
enough
66%
say
66%
settle
66%
with
66%
call?
63%
girl
63%
if
63%
job
63%
like
63%
need
63%
shitty
63%
usin
63%
usin)
63%
wasnt
63%
why
63%
again
61%
are
61%
fire
61%
fuckin
61%
get
61%
its
61%
might
61%
my
61%
pants
61%
pretty
61%
youre
61%
sorry
58%
sure
58%
at
55%
believe
55%
can
55%
fault
55%
lighter
55%
goddamn
53%
use
47%
well
47%
guess
45%
No matching quizzes found
Score Distribution
Percent of People with Each Score
Percentile by Number Answered
Your Score History
You have not taken this quiz